000 00470nam a22001817a 4500
003 BUBTL
008 190702b xxu||||| |||| 00| 0 eng d
082 _a346.01 / AHC
100 _92363
_aAhmed, Fariduddin
245 _aComparative Law
_cFariduddin Ahmed
250 _a2nd ed
260 _aDhaka :
_bSui Juris,
_cc2018
300 _a291 p. :
_c21.5 cm.
650 0 _926
_aLaw
856 _k0
_l0
_yDownload
942 _2ddc
_cBK
999 _c6087
_d6087